Szórakozási lehetőségek különböző korokban és társadalmi rétegekben, Az X,Y és Z generáció kulturálódása és médiahasználata

Bibliographic Details
Main Author: Szilágyi Noémi
Other Authors: Farkas Dr. Julianna
Format: Thesis
Kulcsszavak:X,Y és Z generáció
szórakozás
Médiahasználat
Online Access:http://dolgozattar.uni-bge.hu/11210

MARC

LEADER 00000nta a2200000 i 4500
001 dolg11210
005 20170907134333.0
008 170516suuuu hu om 000 hun d
040 |a BGE Dolgozattár Repozitórium  |b hun 
041 |a hu 
100 1 |a Szilágyi Noémi 
245 1 0 |a Szórakozási lehetőségek különböző korokban és társadalmi rétegekben, Az X,Y és Z generáció kulturálódása és médiahasználata  |c Szilágyi Noémi  |h [elektronikus dokumentum] 
695 |a X,Y és Z generáció 
695 |a szórakozás  
695 |a Médiahasználat 
700 1 |a Farkas Dr. Julianna  |e ths 
856 4 0 |u http://dolgozattar.uni-bge.hu/11210/1/Szakdolgozat_Szil%C3%A1gyi_No%C3%A9mi_%20repozit%C3%B3rium_.pdf  |z Dokumentum-elérés